Statistics for Cursed Capitals

Click here to take the quiz!

General Stats

  • This quiz has been taken 73 times
  • The average score is 9 of 12

Answer Stats

CountryCapital City% Correct
TurkmenistanAshgabat
100%
KazakhstanAstana
100%
MaliBamako
100%
ZambiaLusaka
100%
South SudanJuba
94%
UgandaKampala
94%
Sri LankaSri
Jayawardenepura
Kotte
93%
Equatorial GuineaMalabo
92%
TajikistanDushanbe
89%
BruneiBandar Seri
Begawan
86%
UzbekistanTashkent
86%
KiribatiSouth Tarawa
85%
TongaNukuʻalofa
83%
GuyanaGeorgetown
82%
BeninPorto-Novo /
Cotonou
82%
BhutanThimphu
82%
Central African RepublicBangui
78%
ChadN'Djamena
78%
KyrgyzstanBishkek
77%
Antigua and BarbudaSaint John's
77%
Saint Kitts and NevisBasseterre
75%
SamoaApia
73%
EswatiniMbabane
73%
Cape VerdePraia
73%
Saint LuciaCastries
72%
MauritaniaNouakchott
71%
PalauNgerulmud
70%
BurundiGitega
69%
Solomon IslandsHoniara
69%
GambiaBanjul
67%
Saint Vincent and the
Grenadines
Kingstown
67%
MalawiLilongwe
67%
MyanmarNaypyidaw
67%
GuineaConakry
65%
DominicaRoseau
64%
Ivory CoastYamoussoukro
64%
TuvaluFunafuti
61%
GrenadaSaint George's
58%
Marshall IslandsMajuro
57%
VanuatuPort Vila
50%
NauruYaren
50%
Federated States of
Micronesia
Palikir
42%

Score Distribution

Percentile by Number Answered

Percent of People with Each Score

Your Score History

You have not taken this quiz